• 首页
  • 本馆介绍
  • 公告通知
  • 最新文献
  • 馆藏检索
  • 电子资源
  • 读者导购
  • 参考咨询
  • 我的图书馆
  • 登录
  • 详细信息显示
  • 放入我的书架
  • 预约/预借图书
  • 作者相关作品
  • 分类相关作品
  • 丛书相关作品
  • 出版社相关作品

书目信息

  • 表格格式
  • 工作单格式
  • 卡片格式
题名:
雷军
    
 
作者: 陈润 著
分册:  
出版信息: 北京   北京时代华文书局  2015
页数: 220页
开本: 21cm
丛书名:
单 册:
中图分类: K825.38 , F490.6
科图分类:
主题词: 软件产业--ruan jian chan ye--企业管理--经验--中国
电子资源:
ISBN: 978-7-5699-0351-5
000 01097nam0 22002651 450
001 0124140204
005 20170324140204.0
010    @a978-7-5699-0351-5@dCNY36.00
100    @a20150902d2015 em y0chiy50 ea
101 0  @achi
102    @aCN@b110000
105    @ay z 000yd
106    @ar
200 1  @a雷军@9lei jun@e让创业回归简单@f陈润著
210    @a北京@c北京时代华文书局@d2015
215    @a220页@d21cm
330    @a“大道至简”一直是雷军信奉的商业理念。程序员出生的雷军, 让我们看到一位与众不同的企业家形象, 精明又简单, 文静又充满力量。他不是一个善于制造“理论”的人, 但是从他身上, 我们却可以汲取到很多简单又实用的成功智慧。本书从创业、经营、管理、营销、竞争、投资和信仰七个维度, 结合雷军的微博语录与心得体会, 抽丝剥茧般剖析雷军的“可持续成功密码”。
517 1  @a让创业回归简单@9rang chuang ye hui gui jian dan
600  0 @a雷军,@Alei jun ,@f1969-@x生平事迹
606 0  @a软件产业@9ruan jian chan ye@x企业管理@x经验@y中国
690    @aK825.38@v5
690    @aF490.6@v5
701  0 @a陈润@9chen run@4著
801  0 @aCN@bTANGWEI@c20170308
905    @b0962084-6@dK825.38@e876@f3
    
    雷军:让创业回归简单/陈润著.-北京:北京时代华文书局,2015
    220页;21cm
    
    
    ISBN 978-7-5699-0351-5:CNY36.00
    “大道至简”一直是雷军信奉的商业理念。程序员出生的雷军, 让我们看到一位与众不同的企业家形象, 精明又简单, 文静又充满力量。他不是一个善于制造“理论”的人, 但是从他身上, 我们却可以汲取到很多简单又实用的成功智慧。本书从创业、经营、管理、营销、竞争、投资和信仰七个维度, 结合雷军的微博语录与心得体会, 抽丝剥茧般剖析雷军的“可持续成功密码”。
●
相关链接 在E读中查询图书 在五车中查询图书 在当当中查询图书 在豆瓣中查询图书


正题名:雷军     索取号:K825.38/876         预约/预借

序号 登录号 条形码 馆藏地/架位号 状态 备注
1 0962084   209620846   第二样本阅览室/ [索取号:K825.38/876] 在馆    
2 0962085   209620855   第二借阅区/ [索取号:K825.38/876] 在馆    
3 0962086   209620864   第二借阅区/ [索取号:K825.38/876] 在馆    
唐山师范学院图书馆 欢迎您!
大连网信软件有限公司© 版权所有